000 00866nam a2200253 i 4500
001 183097
003 ES-MaACL
005 20251015063154.0
008 140115s1989 sp | |||| ||spa d
020 _a84-86335-54-X
100 1 _aRagon, Jean-Marie,
_d1781-1862
_9154208
245 1 3 _aLa misa y sus misterios
_b: comparados con los misterios antiguos /
_cJ. M. Ragon.
250 _a[1ª ed.].
260 _aBrenes :
_bMuñoz Moya y Montraveta,
_c1989.
300 _a280 p. ;
_c20 cm.
490 1 _aBiblioteca exotérica ;
_v41
650 0 4 _aMisa.
_915074
650 4 _aCulto al sol.
_9154209
650 0 7 _aCristianismo y otras religiones
_2embne
_911436
650 0 7 _aRitos y ceremonias
_2embne
_916917
830 0 _aBiblioteca exotérica ;
_v41
_9224936
852 _aES-MaACL
_jL-29924
_z.- Donat. Miguel A. Velasco
999 _c183097
_d183097